al-Dīmuqrāṭīyah fī al-waṭan al-ʻArabī : muʾashshirāt wa-āfāq.

Democracy in the Arab world; indicators and prospects.

Saved in:
நூற்பட்டியல் விவரங்கள்
வடிவம்: புத்தகம்
மொழி:Arabic
வெளியீடப்பட்டது: ʻAmmān : Markaz Dirāsāt al-Sharq al-Awsaṭ, 2002.
பதிப்பு:1st ed.
தொகுதி:Taqrīr (Markaz Dirāsāt al-Sharq al-Awsaṭ) ; 17.
பகுதிகள்:
குறியீடுகள்: குறிச்சொல் இணை
குறியீடுகள் இல்லை, இந்த குறிச்சொல்லை முதலில் பதிவு செய்யுங்கள்!
LEADER 00943nam a2200289 a 4500
001 009084792-X
005 20030415152912.0
008 021022s2002 jo b 000 0 ara
010 |a  2002462116 
035 0 |a ocm51195669 
040 |a DLC-R  |c DLC 
042 |a lcode 
043 |a ma----- 
245 0 3 |a al-Dīmuqrāṭīyah fī al-waṭan al-ʻArabī :  |b muʾashshirāt wa-āfāq. 
246 1 5 |a Democracy in the Arab world 
250 |a 1st ed. 
260 |a ʻAmmān :  |b Markaz Dirāsāt al-Sharq al-Awsaṭ,  |c 2002. 
300 |a 113 p. ;  |c 20 cm. 
490 1 |a al-Taqrīr ;  |v al-ʻadad 17 
504 |a Includes bibliographical references. 
520 |a Democracy in the Arab world; indicators and prospects. 
650 0 |a Democracy  |z Arab countries. 
651 0 |a Arab countries  |x Politics and government. 
752 |a Jordan  |d Amman. 
830 0 |a Taqrīr (Markaz Dirāsāt al-Sharq al-Awsaṭ) ;  |v 17. 
988 |a 20030415 
906 |0 OCLC